Представление документа в формате MARC21

Поле Инд. ПП Название Значение
Тип записи a
Библиографический уровень a
001 Контрольный номер 0949504d80e64ac69c8f9935c02d163b
005 Дата корректировки 20221206133429.7
041 0_ a Код языка текста rus
080 a Индекс УДК 62-522
097 b Оператор *Т*
100 1_ a Автор Корнев Г.П.
245 10 a Заглавие Способ управления силовыми гидроцилиндрами
b Продолж. заглавия статья
p Название части/ раздела - Текст : электронный
260 a Место издания Тверь
b Издательство ТвГТУ
520 0_ a Аннотация в статье предложен способ управления работой силовых гидроцилиндров при модернизации грузоподъемных и строительно-дорожных машин, а также при переводе отдельных узлов машин в автоматический режим. Для реализации способа используются логические элементы в золотниковом исполнении, позволяющие регулировать скорости движения исполнительных механизмов и уровень силового воздействия на объекты управления. Дается описание их работы и взаимодействия с рабочим органом.
653 0_ a Ключевые слова привод, гидроавтоматика, логические элементы, гидролинии, движение рабочих жидкостей, силовые цилиндры, исполнительные механизмы
700 12 a Другие авторы Масленников Д.Г.
700 12 a Другие авторы Беляков В.А.
700 12 a Другие авторы Корнилов С.А.
773 18 w Контрольный № источника ee5ee90ba01244638c9e028a88440eef
t Название источника Теоретические исследования и экспериментальные разработки студентов и аспирантов : материалы Всероссийской (национальной) научно-практической конференции, 2022 г., Тверь : в 2 частях / под редакцией Т.Б. Новиченковой
d Место и дата издания Тверь : Тверской государственный технический университет, 2022
g Прочая информация Ч. 1. - С. 65-68
773 18 z ISBN 978-5-7995-1232-3
901 t Тип документа a
905 a Дата создания записи 27.10.22
950 a Редактор записи мс